Logo BPK

Biblioteka

Politechniki Koszalińskiej

Ein Modell der dynamischen Erholung von Stahlen Wahrend der Warmumformung : (Rekord nr 29060)

Szczegóły MARC
000 -ETYKIETA REKORDU
podpole kontrolne o stałej długości 00372nam a2200133 i 4500
001 - NUMER KONTROLNY REKORDU
pole kontrolne bg
040 ## - ŹRÓDŁO KATALOGOWANIA
Instytucja, która utworzyła rekord BPK
041 ## - KOD JĘZYKA
Kod języka tekstu pol
008 - POLE O STAŁEJ DŁUGOŚCI - DANE KONTROLNE
podpole kontrolne o stałej długości s pl f |000 0 pol
100 1# - NAZWA OSOBOWA
Nazwa osobowa HERTEL, Joachim
245 #0 - TYTUŁ/ODPOWIEDZIALNOŚĆ
Tytuł Ein Modell der dynamischen Erholung von Stahlen Wahrend der Warmumformung :
Ciąg dalszy tytułu praca doktorka /
Pozostałe elementy strefy tytułu i oznaczenia odpowiedzialności Joachim Hertel.
260 ## - STREFA ADRESU WYDAWNICZEGO
Miejsce wydania Aachem,
Data publikacji, dystrybucji/powstania dokumentu 1979.
856 ## - LOKALIZACJA I DOSTĘP DO ELEKTRONICZNYCH DOKUMENTÓW ZDALNYCH
Link (URL) http://koha.tu.koszalin.pl/cgi-bin/koha/opac-detail.pl?biblionumber=29060
Tekst linku Katalog online BPK
942 ## - DODATKOWE ELEMENTY (KOHA)
Typ dokumentu Książka
Egzemplarze
Wycofany Status egzemplarza Uszkodzony Dostępność Lokalizacja stała Lokalizacja bieżąca Miejsce przechowywania Sygnatura Kod kreskowy Typ dokumentu
      Dostępny Biblioteka Politechniki Koszalińskiej Biblioteka Politechniki Koszalińskiej Wypożyczalnia BG 35109 01352634 Książka
© 2023 Biblioteka Politechniki Koszalińskiej :: KOHA